000
00193 a2200097 4500
001
3539
100
_a
Jepson, R.W
245
_a
Clear thinking
260
_a
_b
Longmans
_c
090
_c
2804
_d
2804
942
_a
NUST-CAE
_c
M
_c
20047
999
_c
238612
_d
238612